[Event "22nd Hoogeveen Open 2018"]
[Site "Hoogeveen"]
[Date "2018.10.20"]
[Round "1"]
[White "De Boer, Bas"]
[Black "Buckels, Valentin"]
[Result "0-1"]
[WhiteElo "2102"]
[BlackElo "2413"]
[Annotator "TA"]
[PlyCount "114"]
[EventDate "2018.10.20"]
[EventType "swiss"]
[EventCountry "NED"]
[SourceTitle "playchess.com"]
[Source "ChessBase"]
[SourceQuality "1"]

{[%evp 10,114,14,7,11,8,21,25,21,16,22,22,41,3,41,0,0,-5,88,62,112,39,67,63,40,0,47,23,29,48,20,25,2,0,75,91,248,222,230,230,214,237,206,56,95,0,0,-81,283,275,268,276,623,195,225,207,219,206,211,0,0,0,0,0,0,-176,-110,-254,-252,-218,-233,-201,-140,-135,-139,-270,-259,-585,-600,-542,-429,-389,-357,-1155,-1112,-938,-913,-891,-833,-687,-472,-631,-192,-542,-187,-496,-179,-447,-447,-422,-381,-1137,-1091,-966,-912,-1913,356]} 1. d4 Nf6 2. c4 e6 3. Nc3 Bb4 4. Qc2 O-O 5. Nf3 d6 6. Bd2 b6 {E32: Nimzo-Indian: Classical (4 Qc2): 4...0-0} (6... c5 7. dxc5 Bxc5 8. e3 Nc6 9. a3 a6 10. Bd3 Ba7 11. O-O h6 12. h3 Qe7 13. Rad1 Bd7 14. Rfe1 Rac8 {0-1 (39) Nihal,S (2551)-Jakovenko,D (2749) Ankara 2018}) 7. e3 a5 $146 ({Predecessor:} 7... Bb7 8. Be2 Bxc3 9. Bxc3 Ne4 10. O-O Nxc3 11. Qxc3 Nd7 12. Rfd1 Nf6 13. Nd2 Qe7 14. c5 bxc5 15. dxc5 {½-½ (49) Michalik,P (2554)-Moiseenko,A (2648) Germany 2017}) 8. Bd3 Nbd7 {White has an edge.} 9. a3 Bxc3 $1 10. Bxc3 a4 11. O-O-O Qe7 12. h4 Bb7 13. Ng5 {[%cal Rd3h7]} g6 (13... h6 $11) 14. f3 e5 15. Qf2 (15. dxe5 $16 Nxe5 16. h5) 15... h6 16. Nh3 Rfe8 {Black wants to play ...e4.} 17. Bd2 e4 18. Be2 $1 c5 {Strongly threatening ...cxd4.} 19. d5 {[#]} b5 $1 {[%mdl 512] ...bxc4 is the strong threat.} 20. cxb5 Bxd5 21. f4 Be6 {[#]} (21... Bb3 $11) 22. h5 $1 $16 {[%mdl 512]} Bf5 $2 (22... Nxh5 $2 23. Bxh5 gxh5 24. Qg3+ Kf8 25. Bc3 $18) (22... d5 $16) 23. hxg6 fxg6 24. Qh4 h5 25. Bc3 d5 26. Nf2 (26. Ng5 $18) 26... d4 $1 $14 {[%cal Rd4c3]} 27. exd4 (27. g4 $1 $16 {[%cal Rg4f5]} dxc3 28. gxf5) 27... cxd4 $11 28. Rxd4 (28. Bc4+ $11 Be6 29. Rxd4 Bxc4 30. Rxc4) 28... e3 $2 {[%mdl 8192]} (28... Rac8 $1 $17 {[%cal Rc8c3] and life is bright.} 29. Bc4+ (29. Rxa4 e3 $17) 29... Rxc4 30. Rxc4 e3) 29. Bc4+ $18 Be6 30. Ne4 Rac8 $2 {[#]} (30... Bxc4 31. Nxf6+ Qxf6 32. Qxf6 (32. Rxc4 Qf5 $16) 32... Nxf6 33. Rxc4 Kf7) 31. Qg5 $2 (31. Rxd7 $1 {[%mdl 512]} Nxd7 (31... Qxd7 32. Nxf6+) 32. Qg3) 31... Rxc4 32. Rxc4 Bxc4 33. Nxf6+ ({Much less strong is} 33. Qxg6+ $6 Qg7 $16) 33... Nxf6 34. Bxf6 $2 ({Only move:} 34. Qxg6+ $18 Qg7 {[#]} 35. Qxe8+ $1 {[%mdl 512]} (35. Qxf6 Qxf6 36. Bxf6 e2 $16) 35... Nxe8 36. Bxg7 Nxg7 37. b6) 34... Qe4 $1 $11 35. Qh6 {[%csl Gf6][%cal Rh6g7]} Kf7 36. Qg7+ Ke6 {( -> ...Ba2)} 37. Bg5 $2 (37. Be5 $11 {and White has nothing to worry.} Rc8 38. Qf6+ Kd7 39. Qg7+ (39. Rd1+ Bd5+ 40. Bc3 e2 $17) 39... Ke8 40. Qh8+ Kd7 41. Qg7+ Ke8 42. Qh8+ Kd7 43. Qg7+) 37... e2 $40 {[%mdl 128] Black attacks with force.} (37... Bxb5 $19 {White must now prevent ...Rc8+.} 38. Qf6+ Kd7 39. Rd1+ Kc7) 38. Qe5+ (38. Qf6+ $17 {was the only chance.} Kd7 39. Qc6+ Qxc6 40. bxc6+ Kxc6 41. Kd2) 38... Qxe5 $19 39. fxe5 Kxe5 {[%mdl 4096] Endgame KRB-KRB} 40. b6 Kd5 41. Kd2 Kc6 42. Rc1 (42. Bh4 $17 {was necessary.}) 42... Kxb6 43. Be3+ $2 (43. Bh4 {is more resistant.} Kc5 44. Ke1) 43... Kb5 44. Bf2 Rf8 45. Ke1 Rf5 46. g3 $2 (46. Rc3) 46... Rd5 47. Be3 Rd7 48. Bf2 Rd6 49. Be3 Re6 50. Rc3 Re4 $2 (50... Re5 51. Bf2 Rd5) 51. Bf2 $2 (51. Bd2) 51... Kc6 $2 (51... Re5 {And now ...Rd5 would win.} 52. Ba7 g5) 52. Re3 $2 (52. Rf3 {is tougher.}) 52... Kd5 $2 (52... Rxe3 53. Bxe3 Kd5) 53. Kd2 $2 (53. Rc3) 53... Rd4+ 54. Kc3 {Now Rxe2 and White clings on.} Rd1 55. Re8 $2 (55. g4 hxg4 56. Bg3 Rc1+ 57. Kd2) 55... Rf1 {Black is clearly winning.} 56. Rd8+ Ke4 57. Kxc4 Ke5 $4 {[%mdl 40960] Precision: White = 20%, Black = 35%. . Sensor Board Error (Ke4/e5)?} (57... Rxf2 $19 {and life is good for Black.} 58. Re8+ Kf3 59. Rf8+ Kg2) 0-1

[Event "22nd Hoogeveen Open 2018"]
[Site "Hoogeveen"]
[Date "2018.10.20"]
[Round "1"]
[White "Mijnheer, Peter"]
[Black "Van Delft, Merijn"]
[Result "0-1"]
[WhiteElo "2092"]
[BlackElo "2381"]
[Annotator "NA"]
[PlyCount "82"]
[EventDate "2018.10.20"]
[EventType "swiss"]
[EventCountry "NED"]
[SourceTitle "playchess.com"]
[Source "ChessBase"]
[SourceQuality "1"]
[TimeControl "40/5400+30:1800+30"]

1. e4 {[%emt 0:00:00]} c5 {[%emt 0:00:00]} 2. Nf3 {[%emt 0:00:00]} d6 {[%emt 0:00:00]} 3. d4 {[%emt 0:00:00]} cxd4 {[%emt 0:00:00]} 4. Nxd4 {[%emt 0:00:00]} Nf6 {[%emt 0:00:13]} 5. Nc3 {[%emt 0:00:01]} a6 {[%emt 0:00:05]} 6. Be2 {[%emt 0:00:20]} e5 {[%emt 0:00:35]} 7. Nb3 {[%emt 0:00:05]} Be7 {[%emt 0:00:40]} 8. O-O {[%emt 0:00:07]} O-O {[%emt 0:00:11]} 9. Re1 {[%emt 0:00:13]} Be6 {[%emt 0:03:37]} 10. Bf1 {[%emt 0:00:25]} Nbd7 {[%emt 0:01:16]} 11. Nd5 {[%emt 0:00:47] LiveBook: 52 Games} Bxd5 {[%emt 0:01:37] B92: Sicilian Najdorf: 6 Be2} 12. exd5 {[%emt 0:00:06]} Ne8 {[%emt 0:00:28]} 13. a4 $146 {[%emt 0:03:50]} ({Predecessor:} 13. c4 Rc8 14. Bd2 b6 15. Nc1 f5 16. b4 Nef6 17. Nb3 Ne4 18. a4 Nxd2 19. Qxd2 {1-0 (81) Jansa,V (2455)-Vlasak,L (2336) Czechia 2014}) 13... b6 {[%emt 0:06:42]} 14. a5 {[%emt 0:09:17]} b5 {[%emt 0:00:37]} 15. c4 {[%emt 0:00:25]} bxc4 {[%emt 0:01:11]} 16. Bxc4 {[%emt 0:00:09]} Qc7 {[%emt 0:04:23]} 17. Qe2 {[%emt 0:07:45]} Qb7 {[%emt 0:05:42]} 18. Nd4 {[%emt 0:20:52]} Bf6 {[%emt 0:09:00]} 19. Nc6 {[%emt 0:03:41]} Nc7 {[%emt 0:01:48]} 20. Ra4 {[%emt 0:04:13]} Rac8 {[%emt 0:12:41]} 21. Rb4 {[%emt 0:12:33]} Qa8 {[%emt 0:00:12]} 22. Qg4 {[%emt 0:07:14]} Nb8 {[%emt 0:07:40]} 23. Rb6 {[%emt 0:09:38]} Nxc6 {[%emt 0:01:29]} 24. Rxc6 {[%emt 0:01:26]} Nb5 {[%emt 0:01:36]} 25. Bxb5 {[%emt 0:00:57]} axb5 {[%emt 0:00:10] [#]} 26. Rxd6 {[%emt 0:00:09]} (26. Rxc8 $1 $16 Rxc8 27. Be3) 26... Rc4 {[%emt 0:08:17]} 27. Qe2 {[%emt 0:02:49]} Qxa5 {[%emt 0:01:39]} 28. b3 {[%emt 0:00:27]} Rc2 {[%emt 0:03:00]} 29. Qd1 {[%emt 0:02:24]} Rfc8 {[%emt 0:01:45]} 30. Be3 {[%emt 0:01:02]} Qb4 {[%emt 0:08:09]} 31. Rb6 {[%emt 0:03:54]} Rb2 {[%emt 0:04:17]} 32. Rxf6 {[%emt 0:00:32]} gxf6 $17 {[%emt 0:00:41]} 33. h3 {[%emt 0:04:55]} Rd8 {[%emt 0:03:07]} 34. Rf1 {[%emt 0:00:47]} Qe4 {[%emt 0:04:29]} 35. d6 {[%emt 0:00:26]} Kh8 {[%emt 0:01:58]} 36. d7 {[%emt 0:01:42]} Qc6 {[%emt 0:04:07]} 37. Qa1 {[%emt 0:02:29]} Rc2 {[%emt 0:00:58]} 38. Rd1 {[%emt 0:01:12]} Rxd7 {[%emt 0:02:31]} 39. Rxd7 {[%emt 0:00:22]} Qxd7 {[%emt 0:00:09]} 40. Qa8+ {[%emt 0:00:07]} Rc8 {[%emt 0:01:11]} 41. Qe4 {[%emt 0:05:11]} Qc6 {[%emt 0:04:24]} 0-1

[Event "22nd Hoogeveen Open 2018"]
[Site "Hoogeveen"]
[Date "2018.10.20"]
[Round "1"]
[White "Hoffman, Ron"]
[Black "Waardenburg, Feline"]
[Result "1/2-1/2"]
[WhiteElo "2060"]
[BlackElo "1761"]
[Annotator "NA"]
[PlyCount "48"]
[EventDate "2018.10.20"]
[EventType "swiss"]
[EventCountry "NED"]
[SourceTitle "playchess.com"]
[Source "ChessBase"]
[SourceQuality "1"]
[TimeControl "40/5400+30:1800+30"]

1. d4 {[%emt 0:00:00]} Nf6 {[%emt 0:00:00]} 2. Bf4 {[%emt 0:00:00]} g6 {[%emt 0:00:21]} 3. e3 {[%emt 0:00:00]} Bg7 {[%emt 0:00:31]} 4. Nf3 {[%emt 0:00:05]} d5 {[%emt 0:01:32]} 5. Be2 {[%emt 0:00:31]} O-O {[%emt 0:01:53]} 6. O-O {[%emt 0:00:21]} b6 {[%emt 0:10:29]} 7. Nbd2 {[%emt 0:06:25]} Bb7 {[%emt 0:09:50]} 8. c4 {[%emt 0:04:10]} Nbd7 {[%emt 0:00:00]} 9. h3 {[%emt 0:05:17]} c5 {[%emt 0:04:41]} 10. Ne5 {[%emt 0:10:38]} cxd4 {[%emt 0:14:26]} 11. exd4 {[%emt 0:00:18]} dxc4 {[%emt 0:05:47]} 12. Bxc4 {[%emt 0:04:38]} Nd5 {[%emt 0:02:47]} 13. Bh2 {[%emt 0:01:24]} Rc8 {[%emt 0:01:50]} 14. Qb3 {[%emt 0:09:10]} Nxe5 {[%emt 0:04:33]} 15. dxe5 {[%emt 0:01:22]} e6 {[%emt 0:03:12]} 16. Ne4 {[%emt 0:20:15]} Ba8 {[%emt 0:06:51]} 17. Nd6 {[%emt 0:02:17]} Rc5 {[%emt 0:02:14]} 18. Ba6 {[%emt 0:03:41]} Qe7 {[%emt 0:04:15]} 19. Bd3 {[%emt 0:08:18]} Nc7 {[%emt 0:03:07]} 20. Rfe1 {[%emt 0:08:53]} Rd8 {[%emt 0:01:45]} 21. Qa3 {[%emt 0:03:18]} Ra5 {[%emt 0:00:56]} 22. Qc3 {[%emt 0:03:36]} Rc5 {[%emt 0:00:21]} 23. Qa3 {[%emt 0:00:02]} Ra5 {[%emt 0:00:16]} 24. Qc3 {[%emt 0:00:16]} Rc5 {[%emt 0:00:21]} 1/2-1/2

[Event "22nd Hoogeveen Open 2018"]
[Site "Hoogeveen"]
[Date "2018.10.20"]
[Round "1"]
[White "Boersma, Jan"]
[Black "Colijn, Stefan"]
[Result "0-1"]
[WhiteElo "2047"]
[BlackElo "2340"]
[Annotator "NA"]
[PlyCount "55"]
[EventDate "2018.10.20"]
[EventType "swiss"]
[EventCountry "NED"]
[SourceTitle "playchess.com"]
[Source "ChessBase"]
[SourceQuality "1"]
[TimeControl "40/5400+30:1800+30"]

1. e4 {[%emt 0:00:00]} e5 {[%emt 0:00:00]} 2. Nc3 {[%emt 0:00:00]} Nc6 {[%emt 0:00:21]} 3. Nf3 {[%emt 0:00:00]} Nf6 {[%emt 0:00:08]} 4. Bb5 {[%emt 0:00:02]} d6 {[%emt 0:00:32] LiveBook: 218 Games} 5. d4 {[%emt 0:00:36]} exd4 {[%emt 0:00:15]} 6. Qxd4 {[%emt 0:00:06]} Bd7 {[%emt 0:01:17]} 7. Bxc6 {[%emt 0:00:07]} bxc6 {[%emt 0:03:01]} 8. Bg5 {[%emt 0:03:39]} Be7 {[%emt 0:03:56]} 9. O-O-O {[%emt 0:06:40]} O-O {[%emt 0:08:32] C62: Ruy Lopez: Steinitz Defence} (9... c5 10. Qd3 {½-½ (10) Kalugin,S (2472)-Olenin,N (2408) Alushta 2000}) 10. e5 {[%emt 0:12:50]} Ne8 {[%emt 0:03:18]} 11. Bxe7 {[%emt 0:07:39]} Qxe7 {[%emt 0:00:11]} 12. Rhe1 {[%emt 0:06:55]} Be6 {[%emt 0:12:39]} 13. Qb4 $146 {[%emt 0:00:57]} ({Predecessor:} 13. Qe3 d5 14. Na4 Bg4 15. Rd4 Bxf3 16. gxf3 f5 17. h4 {½-½ (41) Mrva,V (2130)-Kopnicky,F (1960) Tatranske Zruby 2010}) 13... Rd8 {[%emt 0:04:49]} 14. Qb7 {[%emt 0:14:09]} dxe5 {[%emt 0:14:04]} 15. Qxc6 {[%emt 0:04:48]} Rxd1+ {[%emt 0:04:36]} 16. Rxd1 {[%emt 0:00:18]} Nd6 {[%emt 0:00:25]} 17. Nd5 {[%emt 0:06:19]} Bxd5 $1 {[%emt 0:02:18]} 18. Qxd5 $11 {[%emt 0:00:12]} e4 {[%emt 0:06:15]} 19. Nd4 {[%emt 0:00:58]} Qh4 {[%emt 0:00:51]} 20. c4 {[%emt 0:16:03]} Qxf2 {[%emt 0:05:05]} 21. c5 {[%emt 0:00:34]} Qf4+ {[%emt 0:01:20]} 22. Kb1 {[%emt 0:02:12]} Ne8 {[%emt 0:00:16]} 23. Nf5 {[%emt 0:04:24]} Nf6 {[%emt 0:11:23]} 24. Ne7+ {[%emt 0:00:12]} Kh8 {[%emt 0:00:01]} 25. Qxf7 {[%emt 0:00:12]} Rxf7 {[%emt 0:00:27]} 26. Rd8+ {[%emt 0:00:02]} Ne8 {[%emt 0:00:10]} 27. Rxe8+ {[%emt 0:00:04]} Rf8 {[%emt 0:00:07]} 28. c6 {[%emt 0:00:51]} 0-1

[Event "22nd Hoogeveen Open 2018"]
[Site "Hoogeveen"]
[Date "2018.10.20"]
[Round "1"]
[White "Biermann, Florian"]
[Black "Tomilova, Elena"]
[Result "0-1"]
[WhiteElo "2024"]
[BlackElo "2328"]
[Annotator "NA"]
[PlyCount "68"]
[EventDate "2018.10.20"]
[EventType "swiss"]
[EventCountry "NED"]
[SourceTitle "playchess.com"]
[Source "ChessBase"]
[SourceQuality "1"]
[TimeControl "40/5400+30:1800+30"]

1. c4 {[%emt 0:00:00]} c6 {[%emt 0:00:00]} 2. b3 {[%emt 0:01:33]} d5 {[%emt 0:00:11]} 3. Bb2 {[%emt 0:01:06]} Nf6 {[%emt 0:01:18]} 4. Nf3 {[%emt 0:00:13]} Bg4 {[%emt 0:01:09]} 5. e3 {[%emt 0:09:03]} e6 {[%emt 0:00:48]} 6. Be2 {[%emt 0:02:31]} Nbd7 {[%emt 0:01:51]} 7. d4 {[%emt 0:05:03]} Bb4+ {[%emt 0:02:59]} 8. Nfd2 {[%emt 0:12:42]} Bxe2 {[%emt 0:02:01]} 9. Qxe2 {[%emt 0:00:33]} O-O {[%emt 0:00:27]} 10. O-O {[%emt 0:00:32]} a5 {[%emt 0:03:10]} 11. a3 {[%emt 0:02:30]} Bxd2 {[%emt 0:00:55]} 12. Nxd2 {[%emt 0:01:25]} Qb6 {[%emt 0:00:34]} 13. a4 {[%emt 0:05:51]} Ne4 {[%emt 0:05:28]} 14. Nxe4 {[%emt 0:03:45]} dxe4 {[%emt 0:00:41]} 15. Qc2 {[%emt 0:00:57]} f5 {[%emt 0:00:50]} 16. Ba3 {[%emt 0:09:40]} Rfe8 {[%emt 0:01:32]} 17. Rfd1 {[%emt 0:11:17]} Qc7 $14 {[%emt 0:02:15]} 18. Rab1 {[%emt 0:04:05]} Nf6 {[%emt 0:03:31]} 19. h3 {[%emt 0:00:36]} g5 {[%emt 0:06:14]} 20. b4 {[%emt 0:02:00]} g4 {[%emt 0:01:04]} 21. Bb2 {[%emt 0:06:06]} axb4 {[%emt 0:09:59]} 22. d5 {[%emt 0:02:29]} e5 {[%emt 0:00:18]} 23. d6 {[%emt 0:01:44]} Qd7 {[%emt 0:02:51]} 24. hxg4 {[%emt 0:02:45]} Nxg4 {[%emt 0:01:11]} 25. c5 {[%emt 0:01:08]} Kh8 {[%emt 0:08:41]} 26. g3 {[%emt 0:02:21]} Qg7 {[%emt 0:03:05]} 27. Kg2 {[%emt 0:01:19]} Re6 {[%emt 0:11:54]} 28. Qc4 {[%emt 0:02:19]} Rg6 {[%emt 0:01:23]} 29. Qb3 {[%emt 0:01:26]} Rg8 {[%emt 0:00:52]} 30. d7 {[%emt 0:02:57]} Rd8 {[%emt 0:00:16]} 31. Ba1 {[%emt 0:02:46]} Rh6 {[%emt 0:03:03]} 32. Kg1 {[%emt 0:00:38]} Rh1+ {[%emt 0:02:07]} 33. Kg2 {[%emt 0:01:09]} Rh2+ {[%emt 0:00:09]} 34. Kg1 {[%emt 0:00:26]} Qh6 {[%emt 0:00:15]} 0-1

[Event "22nd Hoogeveen Open 2018"]
[Site "Hoogeveen"]
[Date "2018.10.20"]
[Round "1"]
[White "Van Randtwijk, Mick"]
[Black "Van Kooten, Luuk"]
[Result "0-1"]
[WhiteElo "1979"]
[BlackElo "2320"]
[Annotator "TA"]
[PlyCount "58"]
[EventDate "2018.10.20"]
[EventType "swiss"]
[EventCountry "NED"]
[SourceTitle "playchess.com"]
[Source "ChessBase"]
[SourceQuality "1"]

{[%evp 15,58,29,21,23,50,54,96,65,129,116,119,107,204,194,164,156,146,148,155,182,189,154,157,20,277,127,179,145,566,549,588,573,569,562,676,686,684,662,797,783,682,-905,-910,-29997,-29998]} 1. e4 g6 2. d4 Bg7 3. Nc3 d6 4. Be3 a6 5. Qd2 b5 6. O-O-O Bb7 {B06: Modern Defence} 7. f3 Nd7 8. h4 h5 {LiveBook: 74 Games. White has an edge.} 9. Nh3 Rc8 10. Ng5 e6 11. Kb1 Ne7 $146 (11... Ngf6 $14) ({Predecessor:} 11... Ngf6 12. Ne2 Qe7 13. g3 c5 14. Bh3 cxd4 15. Nxd4 {1-0 (43) Conquest,S (2539)-Tiller,B (2391) Sunningdale 2008}) 12. Ne2 Nb6 13. Nf4 Qd7 (13... Nc6 $16 {is a better defense.}) 14. Qf2 $18 Nc4 15. Bxc4 bxc4 16. g4 $1 Qb5 17. gxh5 gxh5 {[#]} 18. Rhg1 $1 Bf6 19. Qf1 (19. c3 $16) 19... c5 $2 {[%mdl 8192]} (19... Rb8 $11 {and Black is okay.}) 20. Nxf7 (20. Qh3 $18 cxd4 {[#]} 21. Nxf7 $1 {[%mdl 512]} (21. Bxd4 Bxd4 22. Rxd4 Rh6 $11)) 20... Kxf7 $16 21. Qh3 Nf5 $2 {[%mdl 8192]} (21... Qd7 $16) 22. exf5 $18 cxd4 23. fxe6+ Ke8 24. Bxd4 c3 {[%csl Gc3][%cal Rb5b2]} 25. b3 Bxd4 26. Rxd4 Qc5 27. Rgd1 Rg8 28. e7 $4 {[%mdl 8192] [#]} (28. a4 $18) 28... Qxd4 $3 $19 {[%mdl 512]} 29. Rxd4 Rg1+ {Precision: White = 64%, Black = 33%.} 0-1

[Event "22nd Hoogeveen Open 2018"]
[Site "Hoogeveen"]
[Date "2018.10.20"]
[Round "1"]
[White "Winkels, Marcel"]
[Black "Den Hartog, Marijn"]
[Result "1-0"]
[WhiteElo "1935"]
[BlackElo "2296"]
[Annotator "NA"]
[PlyCount "99"]
[EventDate "2018.10.20"]
[EventType "swiss"]
[EventCountry "NED"]
[SourceTitle "playchess.com"]
[Source "ChessBase"]
[SourceQuality "1"]
[TimeControl "40/5400+30:1800+30"]

1. e4 {[%emt 0:00:00]} e5 {[%emt 0:00:00]} 2. Nf3 {[%emt 0:00:00]} d6 {[%emt 0:00:00]} 3. d4 {[%emt 0:00:03]} exd4 {[%emt 0:00:00]} 4. Nxd4 {[%emt 0:00:09]} Nf6 {[%emt 0:00:00]} 5. Nc3 {[%emt 0:00:22]} Be7 {[%emt 0:00:00]} 6. g3 {[%emt 0:00:46]} O-O {[%emt 0:01:15]} 7. Bg2 {[%emt 0:00:08] C41: Philidor Defence} Re8 {[%emt 0:04:03]} 8. O-O {[%emt 0:00:19]} Bf8 {[%emt 0:00:03]} 9. h3 {[%emt 0:00:53]} c5 {[%emt 0:01:53]} (9... Nbd7 10. Re1 c5 11. Nf5 Ne5 12. Bg5 h6 13. Bxf6 Qxf6 14. Nd5 Qd8 {½-½ (32) Oparin,G (2602)-Mamedyarov,S (2799) Moscow 2017}) 10. Nde2 {[%emt 0:01:03]} Nc6 {[%emt 0:01:08]} 11. g4 {[%emt 0:06:43]} h5 $146 {[%emt 0:27:58]} ({Predecessor:} 11... Be6 12. g5 Nd7 13. Ng3 f6 14. h4 Rb8 {0-1 (40) Hillarp Persson,T (2567)-Mamedjarova,Z (2342) Hoogeveen 2007}) 12. g5 {[%emt 0:03:06]} Nh7 {[%emt 0:00:03]} 13. f4 {[%emt 0:01:42]} f5 {[%emt 0:09:06]} 14. exf5 {[%emt 0:02:06]} Bxf5 {[%emt 0:00:10]} 15. Ng3 {[%emt 0:00:53]} Qd7 {[%emt 0:04:08]} 16. Nxf5 {[%emt 0:02:52]} Qxf5 {[%emt 0:00:03]} 17. Qxh5 {[%emt 0:07:07]} Nb4 {[%emt 0:05:01]} 18. a3 {[%emt 0:03:04]} g6 {[%emt 0:02:27]} 19. Qd1 {[%emt 0:05:32]} Nxc2 {[%emt 0:00:37]} 20. Qd5+ {[%emt 0:01:37]} Qxd5 {[%emt 0:00:47]} 21. Bxd5+ {[%emt 0:00:20]} Kh8 {[%emt 0:00:08]} 22. Rb1 {[%emt 0:01:44]} Bg7 {[%emt 0:07:57]} 23. Bf7 {[%emt 0:04:34]} Re7 {[%emt 0:00:50]} 24. Bxg6 {[%emt 0:00:25]} Nxa3 {[%emt 0:00:08]} 25. Nd5 {[%emt 0:04:35]} Bd4+ {[%emt 0:07:12]} 26. Kh1 {[%emt 0:03:23]} Rg7 {[%emt 0:00:04]} 27. Bxh7 {[%emt 0:01:33]} Nxb1 {[%emt 0:00:05]} 28. Bxb1 {[%emt 0:00:14]} Re8 {[%emt 0:03:14]} 29. Bd3 {[%emt 0:02:55]} b5 {[%emt 0:04:36]} 30. b3 {[%emt 0:06:08]} Rb7 {[%emt 0:10:07]} 31. Bd2 {[%emt 0:02:10]} Rc8 {[%emt 0:01:09]} 32. Ne3 {[%emt 0:06:07]} a5 {[%emt 0:05:21]} 33. Nf5 {[%emt 0:00:30]} Rh7 $18 {[%emt 0:02:29]} 34. Kg2 {[%emt 0:00:59]} c4 {[%emt 0:01:40]} 35. bxc4 {[%emt 0:03:38]} bxc4 {[%emt 0:00:04]} 36. Be4 {[%emt 0:01:32]} Bb2 {[%emt 0:03:13]} 37. Nxd6 {[%emt 0:04:23]} Rd8 {[%emt 0:00:09]} 38. Nxc4 {[%emt 0:00:33]} Re7 {[%emt 0:00:31]} 39. Bxa5 {[%emt 0:02:09]} Rxe4 {[%emt 0:00:40]} 40. Bxd8 {[%emt 0:01:52]} Rxc4 {[%emt 0:00:03]} 41. Be7 {[%emt 0:32:25]} Kg7 {[%emt 0:30:29]} 42. Rf2 {[%emt 0:01:20]} Bc1 {[%emt 0:00:23]} 43. f5 {[%emt 0:01:50]} Kf7 {[%emt 0:00:11]} 44. Bf6 {[%emt 0:00:33]} Be3 {[%emt 0:00:00]} 45. Re2 {[%emt 0:00:00]} Bc5 {[%emt 0:00:00]} 46. Be5 {[%emt 0:00:00]} Kg8 {[%emt 0:00:00]} 47. g6 {[%emt 0:00:00]} Bf8 {[%emt 0:00:00]} 48. f6 {[%emt 0:00:00]} Bg7 {[%emt 0:00:00]} 49. f7+ {[%emt 0:00:00]} Kf8 {[%emt 0:00:00]} 50. Bd6# {[%emt 0:00:00]} 1-0

[Event "22nd Hoogeveen Open 2018"]
[Site "Hoogeveen"]
[Date "2018.10.20"]
[Round "1"]
[White "Maters, Arthur"]
[Black "De Boer, Eelke"]
[Result "0-1"]
[WhiteElo "1933"]
[BlackElo "2285"]
[Annotator "NA"]
[PlyCount "88"]
[EventDate "2018.10.20"]
[EventType "swiss"]
[EventCountry "NED"]
[SourceTitle "playchess.com"]
[Source "ChessBase"]
[SourceQuality "1"]
[TimeControl "40/5400+30:1800+30"]

1. e4 {[%emt 0:00:00]} c5 {[%emt 0:00:00]} 2. Nc3 {[%emt 0:00:00]} d6 {[%emt 0:00:00]} 3. d4 {[%emt 0:00:00]} cxd4 {[%emt 0:00:00] B23: Sizilianisch (Geschlossenes System)} 4. Qxd4 {[%emt 0:00:00]} Nc6 {[%emt 0:00:00]} 5. Qd2 {[%emt 0:00:00]} Nf6 {[%emt 0:00:57]} (5... g6 6. b3 Bh6 7. f4 f5 8. Bb2 Nf6 9. Bd3 Qa5 10. exf5 Bxf5 11. Nge2 Bxd3 12. Qxd3 {1-0 (42) Nakamura,H (2769)-Grischuk,A (2766) Leuven 2018}) 6. b3 {[%emt 0:00:00]} e6 {[%emt 0:04:06]} 7. Bb2 {[%emt 0:00:38]} Be7 {[%emt 0:00:10]} 8. O-O-O {[%emt 0:00:16]} a6 {[%emt 0:02:55]} 9. f3 {[%emt 0:00:50]} b5 {[%emt 0:01:33]} 10. Kb1 {[%emt 0:01:25]} O-O {[%emt 0:10:25]} 11. g4 {[%emt 0:06:12]} Nd7 $146 {[%emt 0:01:32]} 12. h4 {[%emt 0:06:47]} Nc5 {[%emt 0:01:37]} 13. g5 {[%emt 0:05:05]} b4 {[%emt 0:00:38]} 14. Nce2 {[%emt 0:00:33]} a5 {[%emt 0:02:38]} 15. Nd4 {[%emt 0:01:49]} Nxd4 {[%emt 0:05:11]} 16. Bxd4 {[%emt 0:05:37]} e5 {[%emt 0:15:15]} 17. Bxc5 {[%emt 0:03:41]} dxc5 {[%emt 0:00:12]} 18. Qd4 {[%emt 0:00:06]} Qd6 19. Qxd6 {[%emt 0:00:30]} Re8 {[%emt 0:06:37]} 20. Qd8 Rxd8 {[%emt 0:01:01]} 21. Rxd8+ {[%emt 0:02:01]} Bxd8 {[%emt 0:00:16]} 22. Bc4 {[%emt 0:07:33]} Ba6 {[%emt 0:01:01]} 23. Ne2 {[%emt 0:03:08]} Bxc4 {[%emt 0:02:42]} 24. bxc4 {[%emt 0:00:46]} f6 {[%emt 0:00:13]} 25. Rd1 {[%emt 0:05:17]} fxg5 {[%emt 0:03:12]} 26. h5 {[%emt 0:00:06]} Bf6 {[%emt 0:10:23]} 27. Rd5 {[%emt 0:00:37]} Rc8 {[%emt 0:00:17]} 28. Nc1 {[%emt 0:00:20]} g6 {[%emt 0:04:06]} 29. h6 {[%emt 0:01:41]} Be7 {[%emt 0:10:53]} 30. Rxe5 {[%emt 0:02:30]} Bf8 {[%emt 0:01:14]} 31. Nd3 {[%emt 0:05:14]} Bxh6 {[%emt 0:00:19]} 32. Nxc5 {[%emt 0:01:54]} Rf8 {[%emt 0:01:23]} 33. Rd5 {[%emt 0:21:29]} Rxf3 $19 {[%emt 0:00:12]} 34. e5 {[%emt 0:00:11]} g4 {[%emt 0:04:57]} 35. e6 {[%emt 0:00:32]} Re3 {[%emt 0:00:20]} 36. Rd8+ {[%emt 0:01:04]} Kg7 {[%emt 0:00:09]} 37. Rd7+ {[%emt 0:00:47]} Kf8 {[%emt 0:01:16]} 38. Rd8+ {[%emt 0:13:53]} Ke7 {[%emt 0:01:02]} 39. Rd7+ {[%emt 0:00:05]} Kf6 {[%emt 0:02:12]} 40. Rf7+ {[%emt 0:00:34]} Kg5 {[%emt 0:00:07]} 41. Rf1 {[%emt 0:31:33]} g3 {[%emt 0:31:04]} 42. Kc1 {[%emt 0:01:52]} Kg4 {[%emt 0:00:26]} 43. Kd1 {[%emt 0:00:06]} g2 {[%emt 0:00:26]} 44. Rg1 {[%emt 0:00:09]} Kg3 {[%emt 0:00:09]} 0-1